Normal view
MARC view
- Mcguigan,james R/R.Charles Moyer/Frederick H.deB.Harris
Entry Personal Name
001 - CONTROL NUMBER
- control field: 1728
003 - CONTROL NUMBER IDENTIFIER
- control field: JO-AjAnu
005 - DATE AND TIME OF LATEST TRANSACTION
- control field: 20230606070603.0
008 - FIXED-LENGTH DATA ELEMENTS
- fixed length control field: 230606|| aca||aabn | a|a d
040 ## - CATALOGING SOURCE
- Original cataloging agency: JO-AjAnu
- Transcribing agency: JO-AjAnu
100 ## - HEADING--PERSONAL NAME
- Personal name: Mcguigan,james R/R.Charles Moyer/Frederick H.deB.Harris
670 ## - SOURCE DATA FOUND
- Source citation: Work cat.: (JO-AjAnu)912: Mcguigan,james R/R.Charles Moyer/Frederick H.deB.Harris, author, ECONOMICS FOR MANAGERS